| 000 | 01047nam a2200229 4500 | ||
|---|---|---|---|
| 001 | 768714001 | ||
| 003 | CO-MdFUSB | ||
| 005 | 20260305214538.0 | ||
| 008 | 240717t1971 ck ||||| |||| 00| 0 spa d | ||
| 040 |
_bspa _cCO-MdFUSB _dCO-MdFUSB |
||
| 041 | _aspa | ||
| 100 |
_aOrtiz, Pedro, _eautor |
||
| 245 |
_aEl sacerdocio en la Escritura _c/ S. J. Pedro Ortiz |
||
| 520 | _aVamos a estudiar los fundamentos bíblicos del Sacerdocio ministerial cristiano: de dónde se deriva, cuáles son, según la Escritura, la naturaleza y las funciones propias del ministerio sacerdotal. | ||
| 630 | 0 | 7 |
_aBiblia. _pNuevo Testamento _xCrítica, interpretación, etc. |
| 630 | 0 | 7 |
_aBiblia. _pAntiguo Testamento _xCrítica, interpretación, etc. |
| 650 | 7 |
_aHermenéutica _9418 |
|
| 650 | 7 |
_aClero -- _bActividad política _941 |
|
| 773 | 0 |
_070111 _982800 _dBogotá, Colombia : _oR2663 _tEcclesiastica Xaveriana _w(CO-MdFUSB)768714001 _gVolumen 21, (número 1, 1971) páginas: 4 - 27 _qpágina: 4 |
|
| 942 | _cANA | ||
| 945 | _aCatherine Arias Álvarez - Practicante SENA | ||
| 999 |
_c70496 _d70496 |
||